| 000 | 00929 a2200253 4500 | ||
|---|---|---|---|
| 003 | Nust | ||
| 005 | 20170207171533.0 | ||
| 010 | _a 97004040 | ||
| 020 | _a0-471-22114-7 | ||
| 040 | _cNust | ||
| 082 | 0 | 0 | _a621.382 |
| 100 | 1 | _aAgrawal, G. P. | |
| 245 | 1 | 0 |
_aFiber-optic communication systems (E BooK) _cGovind P. Agrawal. |
| 250 | _a3rd ed. | ||
| 260 |
_aNew York : _bWiley, _cc2002. |
||
| 300 |
_axviii, 561 p. : _bill., map ; _c24 cm. |
||
| 440 | 0 | _aWiley series in microwave and optical engineering | |
| 500 | _a"A Wiley-Interscience publication." | ||
| 650 | 0 | _aFiber optics. | |
| 650 | 0 | _aOptical communications. | |
| 856 | 4 | 1 |
_3Contributor biographical information _uhttp://www.loc.gov/catdir/enhancements/fy0607/97004040-b.html |
| 856 | 4 | 1 |
_3Publisher description _uhttp://www.loc.gov/catdir/enhancements/fy0607/97004040-d.html |
| 856 | 4 | 1 |
_3Table of contents only _uhttp://www.loc.gov/catdir/toc/wiley022/97004040.html |
| 942 |
_2ddc _cBK |
||
| 999 |
_c217100 _d217100 |
||